=LDR 00000nam 2200000 4500 =001 000933 =005 20250712125815 =035 ##$$a 0010-0725000811 =007 ta =008 250712################a##########0#ind## =020 ##$$a 978-623-307-966-2 =082 ##$$a 398.209 598 =084 ##$$a 398.209 598 BAN a =100 #$$a Bannerjee kanchan =245 1#$$a Aku dan kakak /$c Kanchan bannerjee =250 ##$$a Cetakan pertama =260 ##$$a Rawamangun :$b Badan pengembangan dan pusat bahasa,$c 2022 =300 ##$$a 16 hlm. : $b Ilus. ; $c 22,9 cm. =650 #4$$a Cerita anak indonesia-terjemahan =650 #4$$a Literasi-bahan bacaan